[Event "EU YCH Team U12 boys"]
[Site "Thessaloniki"]
[Date "2022.07.16"]
[Round "5.3"]
[White "Harasym, Danylo"]
[Black "Buchinger, Alexis"]
[Result "0-1"]
[WhiteElo "1407"]
[BlackElo "1764"]
[PlyCount "100"]
[EventDate "2022.07.12"]
[EventType "swiss"]
[EventRounds "7"]
[EventCountry "GRE"]
[SourceTitle "Youth Database"]
[Source "CBase R.Goldau"]
[SourceDate "2000.03.01"]
[SourceVersion "1"]
[SourceVersionDate "2022.07.18"]
[SourceQuality "1"]
[WhiteTeam "Ukraine"]
[BlackTeam "Deutschland"]
[WhiteTeamCountry "UKR"]
[BlackTeamCountry "GER"]

1. e4 e5 2. Nf3 Nc6 3. Bc4 Bc5 4. d3 d6 5. h3 Na5 6. Bb5+ c6 7. Ba4 b5 8. Bb3
Nxb3 9. axb3 Nf6 10. Bg5 h6 11. Bh4 Bb6 12. Nc3 a6 13. Qd2 Be6 14. d4 g5 15.
Bg3 b4 16. Na4 Nxe4 17. Qe3 Nxg3 18. fxg3 Qc7 19. O-O-O O-O-O 20. Qe2 Kb7 21.
dxe5 dxe5 22. Nxb6 Qxb6 23. Nxe5 Rxd1+ 24. Rxd1 Rd8 25. Rxd8 Qxd8 26. Qe4 Qb6
27. Nf3 a5 28. Qe1 Qc5 29. Qg1 Qxg1+ 30. Nxg1 Kc7 31. Kd2 Kd6 32. g4 Bd5 33.
Nf3 Be4 34. Ne1 Kd5 35. Ke3 c5 36. g3 Bg6 37. Nd3 f6 38. Ne1 c4 39. Kd2 cxb3
40. cxb3 Ke4 41. Ke2 Bf7 42. Nd3 Kd4 43. Nc1 Be8 44. Kf3 Bb5 45. Kf2 Ke4 46.
Ne2 Kd3 47. Ke1 Bc6 48. h4 Bf3 49. hxg5 hxg5 50. Ng1 Bxg4 0-1

[Event "EU YCH Team U12 boys"]
[Site "Thessaloniki"]
[Date "2022.07.16"]
[Round "5.4"]
[White "Gloeckler, Christian"]
[Black "Sobol, Matvii"]
[Result "1-0"]
[WhiteElo "1827"]
[BlackElo "1407"]
[PlyCount "101"]
[EventDate "2022.07.12"]
[EventType "swiss"]
[EventRounds "7"]
[EventCountry "GRE"]
[SourceTitle "Youth Database"]
[Source "CBase R.Goldau"]
[SourceDate "2000.03.01"]
[SourceVersion "1"]
[SourceVersionDate "2022.07.18"]
[SourceQuality "1"]
[WhiteTeam "Deutschland"]
[BlackTeam "Ukraine"]
[WhiteTeamCountry "GER"]
[BlackTeamCountry "UKR"]

1. e4 c5 2. Nf3 d6 3. d4 cxd4 4. Nxd4 Nf6 5. Nc3 a6 6. Bg5 e6 7. f4 h6 8. Bh4
Nbd7 9. Be2 Be7 10. Qd2 Qc7 11. Bxf6 Nxf6 12. O-O-O b5 13. a3 Bb7 14. Bf3 Rc8
15. Kb1 Nd7 16. e5 Bxf3 17. exd6 Qxd6 18. gxf3 Nb6 19. Ne4 Qc7 20. Rhg1 Nc4 21.
Qd3 Kf8 22. f5 Ne5 23. Qe2 exf5 24. Nxf5 Ng6 25. Qf2 a5 26. Rd2 Qe5 27. Ne3 Bc5
28. Rgd1 Bxe3 29. Qxe3 Kg8 30. Qb3 a4 31. Qb4 Kh7 32. Nd6 Rc7 33. Qxb5 Qxb5 34.
Nxb5 Rb7 35. Nc3 Ne5 36. Nxa4 Ra8 37. Nc5 Rb5 38. Nb3 Nxf3 39. Rf2 g5 40. Rxf3
Ra7 41. Nd4 Rb6 42. b4 Kg6 43. c4 g4 44. Rfd3 Rc7 45. Rc1 f5 46. c5 Rf6 47. b5
f4 48. b6 Rb7 49. Rb3 Rd7 50. b7 Rf8 51. Ne6 1-0

[Event "EU YCH Team U12 boys"]
[Site "Thessaloniki"]
[Date "2022.07.16"]
[Round "5.1"]
[White "Kumar, Soham"]
[Black "Ivanov, Andrey"]
[Result "1-0"]
[WhiteElo "1762"]
[BlackElo "1515"]
[PlyCount "95"]
[EventDate "2022.07.12"]
[EventType "swiss"]
[EventRounds "7"]
[EventCountry "GRE"]
[SourceTitle "Youth Database"]
[Source "CBase R.Goldau"]
[SourceDate "2000.03.01"]
[SourceVersion "1"]
[SourceVersionDate "2022.07.18"]
[SourceQuality "1"]
[WhiteTeam "England"]
[BlackTeam "Mazedonien"]
[WhiteTeamCountry "ENG"]
[BlackTeamCountry "MKD"]

1. e4 e6 2. d4 d5 3. Nc3 Nf6 4. e5 Nfd7 5. f4 c5 6. Nf3 Nc6 7. Be3 Qb6 8. Rb1
cxd4 9. Nxd4 Bc5 10. Na4 Qa5+ 11. c3 Bxd4 12. Bxd4 Nxd4 13. b4 Nf3+ 14. gxf3
Qc7 15. Rc1 Qd8 16. h4 a6 17. Bd3 b5 18. Nb2 Bb7 19. Qe2 O-O 20. Qc2 h6 21. Qf2
Qb6 22. Rg1 Qxf2+ 23. Kxf2 Rac8 24. Rg2 Kh8 25. Ke3 Rc7 26. Rcg1 Rg8 27. Kd4
Nb6 28. f5 Bc8 29. f6 g6 30. h5 g5 31. f4 Nc4 32. fxg5 Nxb2 33. Rxb2 Bb7 34. g6
fxg6 35. hxg6 Rgc8 36. Rf2 Kg8 37. g7 Bc6 38. f7+ Rxf7 39. Bh7+ Kxh7 40. Rxf7
Rg8 41. Kc5 Ba8 42. Kd6 d4 43. cxd4 Bd5 44. Ke7 Bxa2 45. Kf6 Bd5 46. Rf8 h5 47.
Rxg8 Kxg8 48. Rg6 1-0

[Event "EU YCH Team U12 boys"]
[Site "Thessaloniki"]
[Date "2022.07.16"]
[Round "5.2"]
[White "Petrovski, Nikola"]
[Black "Pert, Max"]
[Result "0-1"]
[WhiteElo "1389"]
[BlackElo "1693"]
[PlyCount "90"]
[EventDate "2022.07.12"]
[EventType "swiss"]
[EventRounds "7"]
[EventCountry "GRE"]
[SourceTitle "Youth Database"]
[Source "CBase R.Goldau"]
[SourceDate "2000.03.01"]
[SourceVersion "1"]
[SourceVersionDate "2022.07.18"]
[SourceQuality "1"]
[WhiteTeam "Mazedonien"]
[BlackTeam "England"]
[WhiteTeamCountry "MKD"]
[BlackTeamCountry "ENG"]

1. e4 g6 2. d4 Bg7 3. Nf3 c6 4. h3 d5 5. exd5 cxd5 6. Bd3 Nc6 7. c3 Qc7 8. O-O
Nf6 9. Re1 O-O 10. Bg5 e6 11. Nbd2 Bd7 12. Ne5 Ne8 13. Bf4 Nxe5 14. Bxe5 Bxe5
15. dxe5 Qb6 16. Rb1 Ng7 17. Nf3 h6 18. Qd2 Kh7 19. Nh2 h5 20. g4 Rh8 21. Re3
Raf8 22. Rg3 Qd8 23. Kh1 Bc6 24. f3 Kg8 25. Rbg1 h4 26. R3g2 Qe7 27. Rf2 Rd8
28. Rgf1 d4 29. c4 Qc5 30. Re1 a6 31. Kg1 b5 32. b4 Qe7 33. c5 Bd5 34. f4 Kf8
35. f5 gxf5 36. gxf5 exf5 37. Bxf5 Nxf5 38. Rxf5 Be6 39. Rf3 Rg8+ 40. Kf1 Qg5
41. Qf2 Bc4+ 42. Re2 Qc1+ 43. Qe1 Bxe2+ 44. Kxe2 Qc2+ 45. Qd2 Rg2+ 0-1

[Event "EU YCH Team U12 boys"]
[Site "Thessaloniki"]
[Date "2022.07.16"]
[Round "5.3"]
[White "Patel, Zain"]
[Black "Spasov, Igor Aleksandar"]
[Result "1-0"]
[WhiteElo "1632"]
[BlackElo "1337"]
[PlyCount "61"]
[EventDate "2022.07.12"]
[EventType "swiss"]
[EventRounds "7"]
[EventCountry "GRE"]
[SourceTitle "Youth Database"]
[Source "CBase R.Goldau"]
[SourceDate "2000.03.01"]
[SourceVersion "1"]
[SourceVersionDate "2022.07.18"]
[SourceQuality "1"]
[WhiteTeam "England"]
[BlackTeam "Mazedonien"]
[WhiteTeamCountry "ENG"]
[BlackTeamCountry "MKD"]

1. d4 Nf6 2. c4 e6 3. Nc3 d5 4. cxd5 exd5 5. Bg5 Be7 6. e3 c6 7. Bd3 O-O 8. Qc2
Nbd7 9. Nge2 Re8 10. O-O Nf8 11. f3 Ng6 12. e4 dxe4 13. fxe4 Be6 14. Rad1 Qb6
15. Kh1 Rad8 16. h3 Rd7 17. Na4 Qc7 18. Bxf6 Bxf6 19. Nc5 Rde7 20. Nxe6 Rxe6
21. e5 Bg5 22. Rf5 Bd8 23. Bc4 R6e7 24. Rdf1 Rf8 25. Ng3 Qd7 26. Qd3 Bc7 27.
Ne4 h6 28. Rh5 Nxe5 29. Qg3 Qxd4 30. Nf6+ Kh8 31. Qg5 1-0

[Event "EU YCH Team U12 boys"]
[Site "Thessaloniki"]
[Date "2022.07.16"]
[Round "5.4"]
[White "Krstevski, Pavel"]
[Black "Soulier, Alfred"]
[Result "1/2-1/2"]
[WhiteElo "1121"]
[BlackElo "1425"]
[PlyCount "95"]
[EventDate "2022.07.12"]
[EventType "swiss"]
[EventRounds "7"]
[EventCountry "GRE"]
[SourceTitle "Youth Database"]
[Source "CBase R.Goldau"]
[SourceDate "2000.03.01"]
[SourceVersion "1"]
[SourceVersionDate "2022.07.18"]
[SourceQuality "1"]
[WhiteTeam "Mazedonien"]
[BlackTeam "England"]
[WhiteTeamCountry "MKD"]
[BlackTeamCountry "ENG"]

1. d4 Nf6 2. Nf3 g6 3. Bf4 Bg7 4. e3 O-O 5. Be2 d6 6. h3 c5 7. c3 Qb6 8. Qb3
Be6 9. Qxb6 axb6 10. a3 Nc6 11. Nbd2 cxd4 12. exd4 Rfc8 13. O-O h6 14. Bh2 Kf8
15. Rfe1 g5 16. g4 Na5 17. Bd3 Nc4 18. Nxc4 Bxc4 19. Bxc4 Rxc4 20. Re2 b5 21.
Rae1 Nd5 22. Nd2 Rcc8 23. Re4 f6 24. Re6 Kf7 25. Nf1 Re8 26. Kg2 Nc7 27. R6e4
e5 28. dxe5 dxe5 29. Ne3 Red8 30. Nf5 Rd2 31. R4e2 Rad8 32. Kf3 Ne6 33. Rxd2
Rxd2 34. Re2 Rd7 35. Ke3 Bf8 36. Rd2 Rxd2 37. Kxd2 Nc5 38. f3 Ke6 39. Bg1 b6
40. b4 Nd7 41. Kd3 Kd5 42. Ne3+ Kd6 43. Ke4 Ke6 44. Nd5 Bd6 45. Nxb6 Nxb6 46.
Bxb6 Be7 47. Bc5 Bd8 48. Bf8 1/2-1/2

[Event "EU YCH Team U12 boys"]
[Site "Thessaloniki"]
[Date "2022.07.16"]
[Round "5.1"]
[White "Marinidis, Stavros"]
[Black "Weber, Yonatan"]
[Result "1-0"]
[WhiteElo "1375"]
[BlackElo "1682"]
[PlyCount "77"]
[EventDate "2022.07.12"]
[EventType "swiss"]
[EventRounds "7"]
[EventCountry "GRE"]
[SourceTitle "Youth Database"]
[Source "CBase R.Goldau"]
[SourceDate "2000.03.01"]
[SourceVersion "1"]
[SourceVersionDate "2022.07.18"]
[SourceQuality "1"]
[WhiteTeam "Griechenland"]
[BlackTeam "Israel"]
[WhiteTeamCountry "GRE"]
[BlackTeamCountry "ISR"]

1. e4 c5 2. Nf3 Nc6 3. d4 cxd4 4. Nxd4 Nf6 5. f3 d6 6. c4 e6 7. Nc3 Be7 8. Be3
O-O 9. Be2 Bd7 10. Qd2 a6 11. g4 Nxd4 12. Qxd4 Ne8 13. O-O-O b5 14. Rdg1 Bg5
15. h4 Bxe3+ 16. Qxe3 Rc8 17. cxb5 Bxb5 18. g5 d5 19. exd5 exd5 20. Rd1 Nc7 21.
Kb1 Re8 22. Qd2 Bxe2 23. Nxe2 Qe7 24. Nf4 Red8 25. Rhe1 Qd7 26. Re5 d4 27. h5
Qc6 28. g6 fxg6 29. hxg6 h6 30. Qd3 Ne8 31. a3 Kh8 32. Ne6 Rd6 33. Qf5 Nf6 34.
Nxd4 Qd7 35. Qf4 Rc4 36. Rde1 Rcxd4 37. Re8+ Ng8 38. Qf8 Qd8 39. Qxg8# 1-0

[Event "EU YCH Team U12 boys"]
[Site "Thessaloniki"]
[Date "2022.07.16"]
[Round "5.2"]
[White "Sternfeld, Tomer"]
[Black "Dimoudis, Dimitrios"]
[Result "1-0"]
[WhiteElo "1615"]
[BlackElo "1058"]
[PlyCount "67"]
[EventDate "2022.07.12"]
[EventType "swiss"]
[EventRounds "7"]
[EventCountry "GRE"]
[SourceTitle "Youth Database"]
[Source "CBase R.Goldau"]
[SourceDate "2000.03.01"]
[SourceVersion "1"]
[SourceVersionDate "2022.07.18"]
[SourceQuality "1"]
[WhiteTeam "Israel"]
[BlackTeam "Griechenland"]
[WhiteTeamCountry "ISR"]
[BlackTeamCountry "GRE"]

1. c4 Nf6 2. g3 e5 3. Bg2 Bc5 4. Nc3 d6 5. e3 Nc6 6. Nge2 Be6 7. d4 exd4 8.
exd4 Nxd4 9. Nxd4 Rb8 10. Nxe6 fxe6 11. O-O O-O 12. Bg5 Qd7 13. Bxf6 Rxf6 14.
Ne4 Rf5 15. Bh3 Re5 16. Nxc5 Rxc5 17. Re1 Re8 18. b4 Rg5 19. Qd4 b6 20. Re2 Rg6
21. Rae1 Rf6 22. Qg4 Kf7 23. Qh5+ Kg8 24. f4 Re7 25. Bxe6+ Rfxe6 26. Rxe6 Rxe6
27. Qd5 Kf7 28. f5 Kf6 29. fxe6 Qe7 30. Rf1+ Kg6 31. Qf5+ Kh6 32. Qf7 Qg5 33.
Qf4 Qxf4 34. Rxf4 1-0

[Event "EU YCH Team U12 boys"]
[Site "Thessaloniki"]
[Date "2022.07.16"]
[Round "5.1"]
[White "Margaritis, Ioannis M"]
[Black "Tadic, Jure"]
[Result "0-1"]
[WhiteElo "1525"]
[BlackElo "1571"]
[PlyCount "92"]
[EventDate "2022.07.12"]
[EventType "swiss"]
[EventRounds "7"]
[EventCountry "GRE"]
[SourceTitle "Youth Database"]
[Source "CBase R.Goldau"]
[SourceDate "2000.03.01"]
[SourceVersion "1"]
[SourceVersionDate "2022.07.18"]
[SourceQuality "1"]
[WhiteTeam "Griechenland"]
[BlackTeam "Kroatien"]
[WhiteTeamCountry "GRE"]
[BlackTeamCountry "CRO"]

1. d4 Nf6 2. c4 Nc6 3. Nc3 e5 4. d5 Ne7 5. e4 Ng6 6. h4 h5 7. f3 Bc5 8. Na4
Bxg1 9. Rxg1 Nxh4 10. Bg5 Ng6 11. d6 cxd6 12. Qd2 d5 13. exd5 d6 14. Bd3 h4 15.
Rh1 h3 16. g4 Bd7 17. Nc3 Qe7 18. O-O-O O-O-O 19. Rh2 Rh7 20. Qc2 Rdh8 21. Bxg6
fxg6 22. Qxg6 Qe8 23. Qd3 Qf7 24. Rdh1 Be8 25. Qf1 Qg6 26. Be3 Kb8 27. Kd2 e4
28. g5 Nd7 29. Nxe4 Ne5 30. b3 Bd7 31. Rg1 Rf8 32. Rg3 Qxe4 33. Bxa7+ Ka8 34.
Qc1 Qf4+ 35. Be3 Nxf3+ 36. Rxf3 Qxh2+ 37. Kd3 Rxf3 38. Qa3+ Kb8 39. Qa7+ Kc8
40. Qa8+ Kc7 41. Qa5+ b6 42. Qxb6+ Kc8 43. c5 Rxe3+ 44. Kxe3 Qg1+ 45. Kf4 Qf2+
46. Ke4 Bf5# 0-1

[Event "EU YCH Team U12 boys"]
[Site "Thessaloniki"]
[Date "2022.07.16"]
[Round "5.2"]
[White "Zagorac, Lara"]
[Black "Karakotsios, Loukas Georgios"]
[Result "1-0"]
[WhiteElo "1499"]
[BlackElo "1257"]
[PlyCount "103"]
[EventDate "2022.07.12"]
[EventType "swiss"]
[EventRounds "7"]
[EventCountry "GRE"]
[SourceTitle "Youth Database"]
[Source "CBase R.Goldau"]
[SourceDate "2000.03.01"]
[SourceVersion "1"]
[SourceVersionDate "2022.07.18"]
[SourceQuality "1"]
[WhiteTeam "Kroatien"]
[BlackTeam "Griechenland"]
[WhiteTeamCountry "CRO"]
[BlackTeamCountry "GRE"]

1. d4 d5 2. Nf3 e6 3. Bf4 Nf6 4. e3 c6 5. Nbd2 Nbd7 6. c3 c5 7. Bd3 c4 8. Bc2
b5 9. O-O Qb6 10. e4 dxe4 11. Nxe4 Nxe4 12. Bxe4 Bb7 13. Qc2 Bxe4 14. Qxe4 Rd8
15. Rfe1 Nf6 16. Qc2 Bd6 17. Bxd6 Qxd6 18. Rad1 O-O 19. h3 Rfe8 20. Qe2 Qc7 21.
Ne5 Nd7 22. Nxd7 Qxd7 23. Qf3 g6 24. Re2 Qd5 25. Qxd5 Rxd5 26. Re5 Rxe5 27.
dxe5 Kg7 28. Rd7 a5 29. Rb7 Rd8 30. Rxb5 Rd1+ 31. Kh2 Rd2 32. Kg3 g5 33. a4
Rd3+ 34. Kh2 Rd2 35. f3 Kg6 36. Rxa5 Rxb2 37. Rc5 Ra2 38. Rxc4 Ra3 39. g4 f5
40. Rc6 Ra2+ 41. Kg1 Ra1+ 42. Kf2 fxg4 43. hxg4 Kf7 44. Rc4 Ra2+ 45. Ke3 Ra3
46. Kd3 Ke8 47. Kc2 Ra2+ 48. Kb3 Rf2 49. a5 Rxf3 50. a6 Rf7 51. Rc8+ Kd7 52. a7
1-0

[Event "EU YCH Team U12 boys"]
[Site "Thessaloniki"]
[Date "2022.07.16"]
[Round "5.3"]
[White "Misios, Konstantinos"]
[Black "Golubovic, Erik"]
[Result "0-1"]
[WhiteElo "1262"]
[BlackElo "1594"]
[PlyCount "100"]
[EventDate "2022.07.12"]
[EventType "swiss"]
[EventRounds "7"]
[EventCountry "GRE"]
[SourceTitle "Youth Database"]
[Source "CBase R.Goldau"]
[SourceDate "2000.03.01"]
[SourceVersion "1"]
[SourceVersionDate "2022.07.18"]
[SourceQuality "1"]
[WhiteTeam "Griechenland"]
[BlackTeam "Kroatien"]
[WhiteTeamCountry "GRE"]
[BlackTeamCountry "CRO"]

1. e4 c5 2. Nf3 d6 3. d4 cxd4 4. Nxd4 Nf6 5. Nc3 a6 6. Be3 e5 7. Nb3 Be7 8. Be2
Be6 9. O-O O-O 10. h3 Nbd7 11. Qd2 b5 12. a3 Qc7 13. f4 exf4 14. Bxf4 Ne5 15.
Rae1 Rac8 16. Bd3 Nxd3 17. cxd3 Bxb3 18. d4 Bc4 19. Rf3 Rfe8 20. e5 Nd5 21.
Nxd5 Bxd5 22. Rg3 Bh4 23. Rc3 Qd7 24. Ree3 dxe5 25. dxe5 Rxc3 26. bxc3 Be6 27.
Rd3 Qc7 28. Rd6 Be7 29. Rxa6 Qb7 30. Ra5 Qb6+ 31. Qe3 Qxa5 32. Qg3 Qxa3 33. Bh6
Bf8 34. Bf4 b4 35. Bd2 bxc3 36. Qxc3 Qxc3 37. Bxc3 Rc8 38. Bd4 Bc5 39. Bxc5
Rxc5 40. Kh2 Rxe5 41. Kh1 Re2 42. Kh2 h5 43. Kh1 h4 44. Kh2 Kh7 45. Kg1 Kg6 46.
Kh1 Bxh3 47. gxh3 Kf5 48. Kg1 Kf4 49. Kh1 Kg3 50. Kg1 Re1# 0-1

[Event "EU YCH Team U12 boys"]
[Site "Thessaloniki"]
[Date "2022.07.16"]
[Round "5.4"]
[White "Mocic, Ivano"]
[Black "Spagkakas, Konstantinos"]
[Result "1/2-1/2"]
[WhiteElo "1577"]
[BlackElo "1211"]
[PlyCount "64"]
[EventDate "2022.07.12"]
[EventType "swiss"]
[EventRounds "7"]
[EventCountry "GRE"]
[SourceTitle "Youth Database"]
[Source "CBase R.Goldau"]
[SourceDate "2000.03.01"]
[SourceVersion "1"]
[SourceVersionDate "2022.07.18"]
[SourceQuality "1"]
[WhiteTeam "Kroatien"]
[BlackTeam "Griechenland"]
[WhiteTeamCountry "CRO"]
[BlackTeamCountry "GRE"]

1. Nf3 Nf6 2. g3 g6 3. Bg2 Bg7 4. O-O O-O 5. c4 c5 6. Nc3 Nc6 7. e4 d6 8. h3
Be6 9. d3 a6 10. Be3 Rb8 11. Nd2 Ne5 12. Qe2 b5 13. f4 Nh5 14. Kh2 Nc6 15. cxb5
axb5 16. g4 Nd4 17. Bxd4 cxd4 18. Nd5 Bxd5 19. gxh5 Bb7 20. f5 g5 21. Qg4 h6
22. Nf3 Kh7 23. Rac1 Be5+ 24. Nxe5 dxe5 25. Rc5 f6 26. Rxb5 Ba6 27. Rxb8 Qxb8
28. Qe2 Qb5 29. Rd1 Rb8 30. b3 Rc8 31. Bf1 Rc3 32. Rd2 Qc6 1/2-1/2

[Event "EU YCH Team U12 boys"]
[Site "Thessaloniki"]
[Date "2022.07.16"]
[Round "5.1"]
[White "Taragan, Uri"]
[Black "Sowinski, Pawel"]
[Result "1/2-1/2"]
[WhiteElo "1843"]
[BlackElo "2136"]
[PlyCount "81"]
[EventDate "2022.07.12"]
[EventType "swiss"]
[EventRounds "7"]
[EventCountry "GRE"]
[SourceTitle "Youth Database"]
[Source "CBase R.Goldau"]
[SourceDate "2000.03.01"]
[SourceVersion "1"]
[SourceVersionDate "2022.07.18"]
[SourceQuality "1"]
[WhiteTeam "Israel"]
[BlackTeam "Polen"]
[WhiteTeamCountry "ISR"]
[BlackTeamCountry "POL"]

1. d4 Nf6 2. c4 e6 3. Nc3 Bb4 4. e3 O-O 5. Bd3 d5 6. cxd5 exd5 7. Nge2 Re8 8.
O-O b6 9. a3 Bd6 10. Nb5 Bf8 11. Qc2 c5 12. Rd1 c4 13. Bf5 Bxf5 14. Qxf5 a6 15.
Nbc3 Qd7 16. Qxd7 Nbxd7 17. Nf4 b5 18. Nfxd5 Nxd5 19. Nxd5 Bd6 20. Bd2 f5 21.
Bb4 Bxb4 22. axb4 Ra7 23. Ra3 Nb8 24. Nc3 Rd7 25. d5 Kf7 26. Kf1 Rd6 27. Ke2
Ke7 28. f3 Kd7 29. e4 Kc7 30. Kf2 g6 31. g4 fxg4 32. f4 g5 33. e5 Rh6 34. e6
gxf4 35. d6+ Kd8 36. e7+ Kd7 37. Ne4 Rc8 38. Nc5+ Ke8 39. Rxa6 Rc6 40. Rxc6
Nxc6 41. Na6 1/2-1/2

[Event "EU YCH Team U12 boys"]
[Site "Thessaloniki"]
[Date "2022.07.16"]
[Round "5.2"]
[White "Cieslak, Patryk"]
[Black "Shefer, Uri"]
[Result "1/2-1/2"]
[WhiteElo "2029"]
[BlackElo "1882"]
[PlyCount "94"]
[EventDate "2022.07.12"]
[EventType "swiss"]
[EventRounds "7"]
[EventCountry "GRE"]
[SourceTitle "Youth Database"]
[Source "CBase R.Goldau"]
[SourceDate "2000.03.01"]
[SourceVersion "1"]
[SourceVersionDate "2022.07.18"]
[SourceQuality "1"]
[WhiteTeam "Polen"]
[BlackTeam "Israel"]
[WhiteTeamCountry "POL"]
[BlackTeamCountry "ISR"]

1. e4 e5 2. Nf3 Nc6 3. Bb5 a6 4. Ba4 Nf6 5. O-O Nxe4 6. d4 b5 7. Bb3 d5 8. dxe5
Be6 9. c3 Bc5 10. Nbd2 O-O 11. Bc2 Nxf2 12. Rxf2 f6 13. exf6 Bxf2+ 14. Kxf2
Qxf6 15. Nf1 Ne5 16. Kg1 Nxf3+ 17. gxf3 Qxf3 18. Qxf3 Rxf3 19. Bd1 Rff8 20. Be3
Bh3 21. Bb3 c6 22. Ng3 Rae8 23. Bc5 Rf7 24. Bc2 Rf3 25. Kh1 h5 26. Rg1 h4 27.
Bg6 Re6 28. Bh5 Rff6 29. Ne2 Bf5 30. h3 Be4+ 31. Kh2 Bd3 32. Rg2 Be4 33. Rg1
Bd3 34. Rg2 Be4 35. Rf2 Rxf2+ 36. Bxf2 Rf6 37. Kg1 Bf3 38. Bxf3 Rxf3 39. Nc1
Kf7 40. Kg2 Rf4 41. Nd3 Re4 42. Kf3 g5 43. Be3 Kg6 44. b4 Re8 45. a3 Re7 46.
Bd4 Kf5 47. Be3 Kg6 1/2-1/2

[Event "EU YCH Team U12 boys"]
[Site "Thessaloniki"]
[Date "2022.07.16"]
[Round "5.3"]
[White "Azoulay, Yehonatan"]
[Black "Witczak, Borys"]
[Result "1/2-1/2"]
[WhiteElo "1805"]
[BlackElo "1766"]
[PlyCount "74"]
[EventDate "2022.07.12"]
[EventType "swiss"]
[EventRounds "7"]
[EventCountry "GRE"]
[SourceTitle "Youth Database"]
[Source "CBase R.Goldau"]
[SourceDate "2000.03.01"]
[SourceVersion "1"]
[SourceVersionDate "2022.07.18"]
[SourceQuality "1"]
[WhiteTeam "Israel"]
[BlackTeam "Polen"]
[WhiteTeamCountry "ISR"]
[BlackTeamCountry "POL"]

1. e4 c5 2. Nf3 d6 3. d4 cxd4 4. Nxd4 Nf6 5. Nc3 a6 6. Be2 e5 7. Nb3 Be7 8. O-O
O-O 9. Qd3 Be6 10. Bd2 Nc6 11. Nd5 Bxd5 12. exd5 e4 13. Qe3 Nxd5 14. Qxe4 Nf6
15. Qd3 Ne5 16. Qh3 Rc8 17. Rac1 d5 18. Nd4 Ne4 19. Be3 Bc5 20. c3 Nc4 21. Bxc4
dxc4 22. Ne6 fxe6 23. Qxe6+ Kh8 24. Qxe4 Re8 25. Qxb7 Rxe3 26. fxe3 Bxe3+ 27.
Kh1 Bxc1 28. Rxc1 Rb8 29. Qxa6 Rxb2 30. Qxc4 Qa8 31. Qg4 Rxa2 32. c4 Ra1 33.
Qd1 Rxc1 34. Qxc1 Qc6 35. Qd1 Qxc4 36. Qd8+ Qg8 37. Qxg8+ Kxg8 1/2-1/2

[Event "EU YCH Team U12 boys"]
[Site "Thessaloniki"]
[Date "2022.07.16"]
[Round "5.1"]
[White "Negrean, Andrei"]
[Black "Zerey, Demhat"]
[Result "0-1"]
[WhiteElo "1976"]
[BlackElo "1497"]
[PlyCount "80"]
[EventDate "2022.07.12"]
[EventType "swiss"]
[EventRounds "7"]
[EventCountry "GRE"]
[SourceTitle "Youth Database"]
[Source "CBase R.Goldau"]
[SourceDate "2000.03.01"]
[SourceVersion "1"]
[SourceVersionDate "2022.07.18"]
[SourceQuality "1"]
[WhiteTeam "Rumänien"]
[BlackTeam "Türkei"]
[WhiteTeamCountry "ROU"]
[BlackTeamCountry "TUR"]

1. d4 Nf6 2. Nf3 g6 3. g3 Bg7 4. Bg2 O-O 5. O-O d6 6. b3 c5 7. c4 e5 8. dxe5
dxe5 9. Qxd8 Rxd8 10. Bb2 e4 11. Ng5 Bf5 12. Nc3 h6 13. Nh3 Rd2 14. Bc1 Rc2 15.
Nb5 Ne8 16. Rb1 a6 17. Na3 Rxa2 18. b4 cxb4 19. Rxb4 Bf8 20. Rb3 Nc6 21. Nb1
Na5 22. Rb2 Rxb2 23. Bxb2 Nxc4 24. Ba1 g5 25. Nc3 Nf6 26. Rc1 Rc8 27. Nd1 Bg7
28. Kh1 b5 29. Ng1 Rd8 30. f3 exf3 31. exf3 Rd2 32. Bc3 Ra2 33. h4 gxh4 34.
gxh4 Nh5 35. Bxg7 Kxg7 36. Nc3 Rd2 37. Nce2 Bd3 38. Nd4 Ne3 39. Nh3 Ng3+ 40.
Kh2 Rxg2# 0-1

[Event "EU YCH Team U12 boys"]
[Site "Thessaloniki"]
[Date "2022.07.16"]
[Round "5.2"]
[White "Kolat, Ata"]
[Black "Tudor, Henry Edward"]
[Result "1/2-1/2"]
[WhiteElo "1621"]
[BlackElo "1984"]
[PlyCount "89"]
[EventDate "2022.07.12"]
[EventType "swiss"]
[EventRounds "7"]
[EventCountry "GRE"]
[SourceTitle "Youth Database"]
[Source "CBase R.Goldau"]
[SourceDate "2000.03.01"]
[SourceVersion "1"]
[SourceVersionDate "2022.07.18"]
[SourceQuality "1"]
[WhiteTeam "Türkei"]
[BlackTeam "Rumänien"]
[WhiteTeamCountry "TUR"]
[BlackTeamCountry "ROU"]

1. e4 c5 2. Nf3 e6 3. c4 Nc6 4. d4 cxd4 5. Nxd4 Qb6 6. Nxc6 dxc6 7. Nc3 Bc5 8.
Qc2 Nf6 9. h3 e5 10. Bd3 Be6 11. O-O Qc7 12. Re1 Nd7 13. Be3 f6 14. Rad1 Bf7
15. Na4 Bxe3 16. fxe3 O-O 17. c5 Rfd8 18. Bc4 Nf8 19. Bxf7+ Qxf7 20. b3 Ne6 21.
Rxd8+ Rxd8 22. Rd1 Rxd1+ 23. Qxd1 h6 24. Qd3 Qc7 25. Qc4 Kf7 26. b4 Qd7 27. Qc2
Ke7 28. a3 Ng5 29. Nc3 Qe6 30. Na4 h5 31. Qd3 Ke8 32. Nb2 Qd7 33. Qc2 Ke7 34.
Nc4 Nf7 35. Qe2 g6 36. Qc2 Qc7 37. Qd3 Qd7 38. Qxd7+ Kxd7 39. Kf2 Ng5 40. Nd2
Ke6 41. h4 Nf7 42. Nc4 f5 43. Kf3 Kf6 44. Na5 Nd8 45. Nc4 1/2-1/2

[Event "EU YCH Team U12 boys"]
[Site "Thessaloniki"]
[Date "2022.07.16"]
[Round "5.3"]
[White "Anghelescu, Teodor-Stefan"]
[Black "Sevig, Mert Can"]
[Result "1/2-1/2"]
[WhiteElo "1813"]
[BlackElo "1604"]
[PlyCount "86"]
[EventDate "2022.07.12"]
[EventType "swiss"]
[EventRounds "7"]
[EventCountry "GRE"]
[SourceTitle "Youth Database"]
[Source "CBase R.Goldau"]
[SourceDate "2000.03.01"]
[SourceVersion "1"]
[SourceVersionDate "2022.07.18"]
[SourceQuality "1"]
[WhiteTeam "Rumänien"]
[BlackTeam "Türkei"]
[WhiteTeamCountry "ROU"]
[BlackTeamCountry "TUR"]

1. d4 Nf6 2. Bf4 e6 3. e3 d5 4. Nd2 Bd6 5. Bg3 O-O 6. Ngf3 c5 7. c3 Qc7 8. dxc5
Qxc5 9. Bd3 Nbd7 10. e4 dxe4 11. Nxe4 Nxe4 12. Bxe4 Bxg3 13. hxg3 Nf6 14. Qe2
Bd7 15. Ne5 Bc6 16. Nxc6 bxc6 17. O-O Rab8 18. Bf3 e5 19. Rab1 e4 20. Bg4 e3
21. Bf3 Rfe8 22. Rfe1 exf2+ 23. Qxf2 Rxe1+ 24. Rxe1 Qxf2+ 25. Kxf2 Rxb2+ 26.
Re2 Rb6 27. Re7 Rb2+ 28. Ke3 Rxa2 29. Rc7 Kf8 30. Rxc6 Ke7 31. Kd4 Kd7 32. Kc5
a5 33. Ra6 h5 34. Kb5 Rb2+ 35. Kc4 Ra2 36. Kb3 Ra1 37. Kb2 Re1 38. Rxa5 g6 39.
Ra7+ Ke6 40. Ra6+ Kf5 41. Ra4 g5 42. Kc2 g4 43. Rf4+ Ke5 1/2-1/2